Big 4 Feline Fest Quiz Stats

 Plays Quiz Updated Sep 4, 2014

Support Sporcle.
Go Orange.
Score 0/6 Timer 01:30
0 Plays Today
Hint Answer % Correct
NFLCarolina Panthers
93.7%
NHLFlorida Panthers
93.5%
NFLDetroit Lions
93.2%
MLBDetroit Tigers
92.2%
NFLJacksonville Jaguars
84.1%
NFLCincinnati Bengals
62.2%

You're not logged in!

Compare scores with friends on all Sporcle quizzes.
OR
Log In
Forgot?

From the Vault

Hide Your 'N' Movies

by El_Dandy

You may as well hide your DVDs, at least. You can just stream everything now.
Remove Ads.
Support Sporcle.
Get the best of Sporcle when you Go Orange. This ad-free experience offers more features, more stats, and more fun while also helping to support Sporcle. Thank you for becoming a member.

Show Comments

Extras

Top Quizzes Today


Score Distribution

Your Account Isn't Verified!

In order to create a playlist on Sporcle, you need to verify the email address you used during registration. Go to your Sporcle Settings to finish the process.

Report this User

Report this user for behavior that violates our Community Guidelines.

Details: